| Tag |
First Indicator |
Second Indicator |
Subfields |
| LEADER |
00000pam a2200000 a 4500 |
| 001 |
in00000091361 |
| 005 |
20151008063918.0 |
| 008 |
800314s1981 enka d 00010 engm |
| 010 |
|
|
|a 79041721
|
| 015 |
|
|
|a GB80
|
| 020 |
|
|
|a 0408004509 :
|c 8.00 (est.)
|
| 035 |
|
|
|a (OCoLC)06194496
|
| 035 |
|
|
|9 AAK3165AM
|
| 040 |
|
|
|a DLC
|c DLC
|d TXA
|d UtOrBLW
|
| 049 |
|
|
|a TXAF
|c [800892]
|
| 050 |
0 |
0 |
|a TK9
|b .J3 1981
|
| 082 |
0 |
|
|a 621.3/03/21
|
| 100 |
1 |
|
|a Jackson, Kenneth George.
|
| 245 |
1 |
0 |
|a Dictionary of electrical engineering /
|c K.G. Jackson and R. Feinberg.
|
| 250 |
|
|
|a 2nd ed.
|
| 264 |
|
1 |
|a London ;
|a Boston :
|b Butterworths,
|c 1981.
|
| 300 |
|
|
|a 350 pages :
|b illustrations ;
|c 22 cm.
|
| 336 |
|
|
|a text
|b txt
|2 rdacontent
|
| 337 |
|
|
|a unmediated
|b n
|2 rdamedia
|
| 338 |
|
|
|a volume
|b nc
|2 rdacarrier
|
| 650 |
|
0 |
|a Electrical engineering
|v Dictionaries.
|
| 700 |
1 |
|
|a Feinberg, R.
|
| 999 |
|
|
|a MARS
|
| 999 |
f |
f |
|s 02242a5a-8895-3594-99da-d5fe6c17fb79
|i bdbe1add-41ac-3d93-8103-a3a11aa4d767
|t 0
|
| 952 |
f |
f |
|p ric
|a Texas A&M University
|b Rellis Campus
|c Joint Library Facility
|d Remote Storage
|t 0
|e TK9 .J3 1981
|h Library of Congress classification
|i unmediated -- volume
|m A14806063964
|
| 998 |
f |
f |
|a TK9 .J3 1981
|t 0
|l Remote Storage
|